WIRELESS AND MOBILEV NETWORK ARCHITECTUE (Record no. 216108)

MARC details
000 -LEADER
fixed length control field 00375nam a22001457a 4500
008 - FIXED-LENGTH DATA ELEMENTS--GENERAL INFORMATION
fixed length control field 250916b |||||||| |||| 00| 0 eng d
020 ## - INTERNATIONAL STANDARD BOOK NUMBER
International Standard Book Number 9798887150451
050 ## - LIBRARY OF CONGRESS CALL NUMBER
Classification number TK 5105.5.L38
100 ## - MAIN ENTRY--PERSONAL NAME
Personal name LAUTNER JUNE
245 ## - TITLE STATEMENT
Title WIRELESS AND MOBILEV NETWORK ARCHITECTUE
260 ## - PUBLICATION, DISTRIBUTION, ETC.
Place of publication, distribution, etc. NEWYORK
Name of publisher, distributor, etc. ORYSON PRESS
Date of publication, distribution, etc. 2023
300 ## - PHYSICAL DESCRIPTION
Extent X,302
942 ## - ADDED ENTRY ELEMENTS (KOHA)
Source of classification or shelving scheme Library of Congress Classification
Koha item type Long Loan Book
Holdings
Withdrawn status Lost status Source of classification or shelving scheme Damaged status Not for loan Collection Home library Current library Shelving location Date acquired Inventory number Total checkouts Full call number Barcode Date last seen Copy number Price effective from Koha item type
    Library of Congress Classification     Science & Technology Kisii University Library Kisii University Library On Display 09/16/2025 109596   TK 5105.5.L38 2023 000000015649 09/16/2025 C.4 09/16/2025 Long Loan Book
    Library of Congress Classification     Science & Technology Kisii University Library Kisii University Library On Display 09/16/2025 109595   TK 5105.5.L38 2023 000000015648 09/16/2025 C.3 09/16/2025 Long Loan Book
    Library of Congress Classification     Science & Technology Kisii University Library Kisii University Library On Display 09/16/2025 109594   TK 5105.5.L38 2023 000000020066 09/16/2025 C.2 09/16/2025 Long Loan Book
    Library of Congress Classification     Science & Technology Kisii University Library Kisii University Library On Display 09/16/2025 109593   TK 5105.5.L38 2023 000000020065 09/16/2025 C.1 09/16/2025 Long Loan Book